000 00426nam a2200121Ia 4500
008 220217s9999||||xx |||||||||||||| ||und||
020 _a9789352607419
100 _aSingh, Surender and Parmar, Virender
_910073
245 0 _aGeneral studies paper 1: for civil services preliminary exam
260 _aMcGraw Hill Education (India) Private Limited
_bNew Delhi
_c2018
300 _aLVI, 1361p.
_b1595
650 _aGENERAL BOOKS
999 _c188106
_d188106